000 01104cam a22002531 4500
001 8001665
005 20080417105600.0
008 791009s1963 nyu 000 0 eng
010 _a 66006271
035 _a(OCoLC)5506495
040 _aDLC
_cUSlW
_dDLC
042 _apremarc
050 0 0 _aBR1285
_b.N371963
110 2 _aNational Council of the Churches of Christ in the United States of America.
_bDivision of Foreign Missions.
_bFar Eastern Office.
245 1 0 _aDocuments of the Three-self movement:
_bsource materials for the study of the Protestant church in Communist China.
_cWallace C. Merwin, executive secretary; Francis P. Jones, consultant and editor.
260 _aNew York,
_c1963.
300 _axvii, 209 p.
_c27 cm.
650 0 _aThree-self movement
_xHistory
_vSources.
700 1 _aMerwin, Wallace C.
700 1 _aJones, Francis P.
_q(Francis Price),
_d1890-1975,
_eed.
906 _a7
_bcbc
_coclcrpl
_du
_encip
_f19
_gy-gencatlg
942 _2lcc
_cBK
999 _c14888
_d14888